000 03165nam a2200457 a 4500
001 ebr10176568
003 CaPaEBR
006 m u
007 cr cn|||||||||
008 060727s2007 nyua sb 001 0 eng
010 _z 2006024795
015 _aGBA675212
_2bnb
016 7 _z013542339
_2Uk
020 _z1593853203 (pbk. : alk. paper)
020 _z9781593853204 (pbk. : alk. paper)
020 _z1593853211 (cloth : alk. paper)
020 _z9781593853211 (cloth : alk. paper)
020 _z9781593853211
020 _z9781593853204
040 _aCaPaEBR
_cCaPaEBR
035 _a(OCoLC)191935085
050 1 4 _aHT153
_b.C65 2007eb
082 0 4 _a307.76
_222
245 0 0 _aContesting neoliberalism
_h[electronic resource] :
_burban frontiers /
_cedited by Helga Leitner, Jamie Peck, Eric S. Sheppard.
260 _aNew York :
_bGuilford Press,
_cc2007.
300 _axii, 340 p. :
_bill.
504 _aIncludes bibliographical references and index.
505 0 _aContesting urban futures: decentering neoliberalism / Helga Leitner ... [et al.] -- Conceptualizing neoliberalism, thinking Thatcherism / Jamie Peck and Adam Tickell -- Mexico's neoliberal transition: authoritarian shadows in an era of neoliberalism / Patricia Martin -- The places, people, and politics of partnership: after neoliberalism in Aotearoa New Zealand / Wendy Larner and Maria Butler -- Contesting the neoliberalization of urban governance / Margit Mayer -- Contesting the neoliberal city? Theories of neoliberalism and urban strategies of contention / William Sites -- Political polemics and local practices of community organizing and neoliberal politics in South Africa / Sophie Oldfield and Kristian Stokke -- Decommodifying electricity in postapartheid Johannesburg / Patrick Bond and Peter McInnes -- Spaces of resistance in Seattle and Cancun / Joel Wainwright -- Articulating neoliberalism: diverse economies and everyday life in postsocialist cities / Adrian Smith -- Modes of governance, modes of resistance: contesting neoliberalism in Calgary / Byron Miller -- Closed borders, open markets: immigrant day laborers' struggle for economic rights / Nik Theodore -- Space patrols--the new peace-keeping functions of nonprofits: contesting neoliberalism or the urban poor? / Volker Eick -- From possible urban worlds to the contested metropolis: urban research and activism in the age of neoliberalism / Ute Lehrer and Roger Keil -- Squaring up to neoliberalism / Helga Leitner, Jamie Peck, and Eric S. Sheppard.
533 _aElectronic reproduction.
_bPalo Alto, Calif. :
_cebrary,
_d2013.
_nAvailable via World Wide Web.
_nAccess may be limited to ebrary affiliated libraries.
650 0 _aUrban policy.
650 0 _aAnti-globalization movement.
650 0 _aNeoliberalism.
650 0 _aUrban economics.
650 0 _aUrban geography.
655 7 _aElectronic books.
_2local
700 1 _aLeitner, Helga.
700 1 _aPeck, Jamie.
700 1 _aSheppard, Eric S.
710 2 _aebrary, Inc.
856 4 0 _uhttp://site.ebrary.com/lib/rucke/Doc?id=10176568
_zAn electronic book accessible through the World Wide Web; click to view
999 _c139997
_d139997